| 000 | 04971 a2200481 4500 | ||
|---|---|---|---|
| 008 | 090408t xxu||||| |||| 00| 0 eng d | ||
| 010 | _aENG-88951 B-281122-138 | ||
| 020 |
_a9780195693140 _c395.00 |
||
| 035 | _aEN-72484 B-281122-138 | ||
| 037 | _bDBAD / PUB | ||
| 040 |
_adpl _bEnglish |
||
| 082 | _a730.95453 | ||
| 100 |
_aAsher, Frederick M. _928820 |
||
| 245 |
_aBodh Gaya / _cby Frederick M. Asher |
||
| 260 |
_aNew Delhi _bOxford University Press _c2008 |
||
| 270 |
_aYMCA Library building, Jai Singh Road _bNew Delhi _e110001 |
||
| 300 |
_axiv, 98p. _c22cm. (Hb) |
||
| 490 |
_aMonumental legacy / edited by Devangana Desai _928821 |
||
| 500 | _aIncludes bibliographical references and index | ||
| 700 |
_aDesai, Devangana _928822 |
||
| 942 |
_adpl _cEN _2ddc _h730.95453 _mASH |
||
| 999 |
_c9538 _d9538 |
||